000 00304nam a22001457a 4500
020 _a81-7807-010-3
082 _a823
_bISS/A
100 _aISAAC, N S
245 _aALL FOR A FUN
250 _aFIRST EDITION
260 _aALUVA
_bPEN BOOKS
_c2001
300 _a40
650 _aJOKES
_zKERALA
942 _cBK
999 _c5694
_d5694